Starboy - The Weeknd Lyrics - Statistics

General Stats
  • This quiz has been taken 74 times
  • The average score is 218 of 438
Answer Stats
Lyrics % Correct
I
100%
a
98%
A
98%
I'm
95%
you
95%
you,
95%
You
95%
Star
94%
starboy
94%
the
86%
The
86%
in
84%
try
75%
Look
71%
to
68%
what
68%
mood,
67%
put
67%
worst
67%
ah
65%
then
65%
Then
65%
tryna
63%
done
62%
love
62%
love,
62%
clean
59%
so
59%
you've
59%
my
57%
just
56%
me,
56%
me
56%
hear
54%
your
54%
that
52%
shoes,
51%
baby,
49%
need
49%
P1
49%
cleaner
48%
empty,
46%
empty
46%
House
46%
of
46%
don't
44%
pieces
44%
church
43%
from
43%
tease
43%
centerpiece
41%
hurt
41%
on
41%
skinny
41%
We
41%
we
41%
her
40%
with
40%
All
38%
cut
38%
Cut
38%
it
38%
money,
38%
table,
38%
Twenty
38%
for
37%
ivory
37%
ebony
35%
into
35%
she
35%
come
33%
face,
33%
see
33%
talkin'
33%
bitch
32%
man,
32%
point
32%
too,
32%
up
32%
Every
30%
hearing
30%
two
30%
aid
29%
None
29%
Side
29%
'bout
27%
bout
27%
day,
27%
Milli
27%
shade
27%
take
27%
these
27%
any
25%
get
25%
Lamb'
25%
Made
25%
red
25%
year
25%
league
24%
Main
24%
racks
24%
test
24%
they
24%
toys
24%
when
24%
alive
22%
and
22%
cry,
22%
lane
22%
lease
22%
pain
22%
Switch
22%
switch
22%
whole
22%
Pull
21%
cars
19%
far
19%
kill
19%
outta
19%
week
19%
end
17%
Girls
17%
like
17%
New
17%
new
17%
Now
17%
this
17%
bandit
16%
cup,
16%
fall
16%
fall,
16%
king,
16%
Let
16%
off
16%
Pitt
16%
pray
16%
time,
16%
Edition
14%
listen
14%
SV,
14%
that's
14%
brand
13%
Coming
13%
competition,
13%
grocery
13%
hefty,
13%
lavish
13%
lookin'
13%
mama
13%
Pockets
13%
Roadster
13%
song
13%
God
11%
overweight,
11%
wagon
11%
blue
10%
crib
10%
gettin'
10%
Khan
10%
Legend
10%
shop
10%
style,
10%
Bought
8%
brag
8%
close
8%
dash
8%
hit
8%
hundred
8%
loose
8%
Trek
8%
Wraith
8%
roof
6%
bumpin'
5%
took
5%
Mulsanne
3%
really
3%
No matching quizzes found
Score Distribution
Percent of People with Each Score
Percentile by Number Answered
Your Score History
You have not taken this quiz